| 000 | 00849nam0a2200265 i 4500 | ||
|---|---|---|---|
| 001 | RU\NLR\bibl\1983424 | ||
| 005 | 20240726104217.0 | ||
| 010 |
_a9785992111729 _97000 |
||
| 021 |
_aRU _b2012-95211 _97050 |
||
| 035 | _a(NLR Aleph) 001972076 | ||
| 090 |
_a3969662 _c3969662 |
||
| 100 | _a20121226d2012 u y0rusy50 ca | ||
| 101 | 0 | _arus | |
| 102 | _aRU | ||
| 105 | _aa ||||||||| | ||
| 200 | 1 |
_aДеревенские друзья _e[для чтения взрослыми детям _fхудож. О. Тукалевская] |
|
| 210 |
_aМосква _cЛИНГ _cЛИНГ-КНИГА _d2012 |
||
| 215 |
_a[12] с. _cцв. ил. _d22 |
||
| 225 | 1 | _aЧитаем с мамой | |
| 702 | 1 |
_aТукалевская _bО. _4040 |
|
| 801 | 0 |
_aRU _bNLR _c20121226 _gRCR |
|
| 801 | 1 |
_aRU _bNLR _c20121226 |
|
| 942 | _cBOOK | ||
| 980 | _aNBR | ||